[Event "NIC Classic KO"]
[Site "chess24.com INT"]
[Date "2021.05.02"]
[Round "3.23"]
[White "Nakamura, Hikaru"]
[Black "Carlsen, Magnus"]
[Result "0-1"]
[WhiteElo "2736"]
[BlackElo "2847"]
[Annotator "Soltis"]
[PlyCount "77"]
[EventDate "2021.04.27"]
[EventType "k.o. (rapid)"]
[EventRounds "3"]
[EventCountry "GER"]
[SourceTitle "CL September 2021"]
[SourceDate "2021.09.01"]
[SourceVersion "1"]
[SourceVersionDate "2021.09.01"]
[SourceQuality "1"]

1. d4 d5 2. c4 e6 3. Nc3 a6 4. cxd5 exd5 5. Bf4 Nf6 6. e3 Bd6 7. Bxd6 Qxd6 8.
Bd3 Bg4 9. Qb3 Nc6 10. h3 Bh5 11. Nge2 Bxe2 12. Nxe2 O-O 13. Rc1 Nd8 14. Qa3
Qd7 15. O-O g6 16. Nf4 Re8 17. Bc2 c6 18. Nd3 Ne6 19. f4 Ng7 20. f5 g5 21. Ne5
Qc7 22. h4 g4 23. Qc3 Ngh5 24. Qe1 Rxe5 25. dxe5 Qxe5 26. Qc3 Qg3 27. Qe1 Qd6
28. Qf2 Re8 29. Rcd1 Qe5 30. Rd4 c5 31. Rd2 Ng3 32. Rfd1 {[#]} Kf8 (32... Nge4
33. Bxe4 Nxe4 34. Rxd5 Nxf2 35. Rxe5) 33. Rd3 Nfe4 34. Qe1 Qf6 35. Rxd5 Qxh4
36. Bxe4 Qh1+ 37. Kf2 Nxe4+ 38. Ke2 Qxg2+ 39. Kd3 0-1

[Event "Tata Steel-B 75th"]
[Site "Wijk aan Zee"]
[Date "2013.01.18"]
[Round "6"]
[White "Naiditsch, Arkadij"]
[Black "Grandelius, Nils"]
[Result "1-0"]
[WhiteElo "2708"]
[BlackElo "2572"]
[Annotator "Soltis"]
[PlyCount "49"]
[EventDate "2013.01.12"]
[EventType "tourn"]
[EventRounds "13"]
[EventCountry "NED"]
[EventCategory "15"]
[SourceTitle "CL September 2021"]
[SourceDate "2021.09.01"]
[SourceVersion "1"]
[SourceVersionDate "2021.09.01"]
[SourceQuality "1"]

1. e4 c5 2. Nf3 d6 3. d4 cxd4 4. Nxd4 Nf6 5. Nc3 a6 6. g3 e6 7. Bg2 Be7 8. O-O
Qc7 9. f4 Nc6 10. Nxc6 bxc6 11. e5 dxe5 12. fxe5 Nd7 13. Bf4 O-O {[#]} 14. Ne4
Nxe5 15. Qd4 f6 16. Bxe5 fxe5 17. Rxf8+ Bxf8 18. Qc4 Qb6+ 19. Kh1 Qxb2 20. Rf1
Qb4 21. Qd3 {[#]} Qe7 (21... Ra7) 22. h4 h6 23. Ng5 e4 24. Qxe4 hxg5 25. Qg6
1-0

[Event "Sinquefield Cup 6th"]
[Site "Saint Louis"]
[Date "2018.08.21"]
[Round "4"]
[White "Caruana, Fabiano"]
[Black "Nakamura, Hikaru"]
[Result "1-0"]
[WhiteElo "2822"]
[BlackElo "2777"]
[Annotator "Soltis"]
[PlyCount "97"]
[EventDate "2018.08.18"]
[EventType "tourn"]
[EventRounds "9"]
[EventCountry "USA"]
[EventCategory "22"]
[SourceTitle "CL September 2021"]
[SourceDate "2021.09.01"]
[SourceVersion "1"]
[SourceVersionDate "2021.09.01"]
[SourceQuality "1"]

1. d4 Nf6 2. c4 e6 3. Nf3 d5 4. Nc3 Be7 5. g3 dxc4 6. Bg2 O-O 7. Ne5 Nc6 8.
Bxc6 bxc6 9. Nxc6 Qe8 10. Nxe7+ Qxe7 11. Qa4 c5 12. dxc5 Qxc5 13. Be3 Qc7 {[#]}
14. O-O-O (14. O-O Nd5 (14... Bb7 15. f3 Nd5 16. Bd4 Rfd8) 15. Nxd5 exd5 {
[%csl Gc8,Ge3]}) (14. f3 Nd5) 14... Ng4 (14... Bd7 15. Qa3 Bc6 16. f3 Nd5 17.
Bc5) 15. Rd2 Nxe3 16. fxe3 Rb8 17. Rhd1 a5 18. Kb1 h6 19. Ka1 Rb4 20. Qc2 Rb8
21. Qe4 Bb7 22. Qd4 Ba8 23. e4 Rfc8 24. Qf2 Bc6 25. Qc5 Be8 26. Qxc7 Rxc7 27.
Rd6 Kf8 28. Ra6 Rc5 29. Ra7 Rbc8 30. Kb1 Rh5 31. h4 Re5 32. Kc2 g5 33. Rf1 Kg7
34. Rb7 Kg6 35. Kd2 f5 36. hxg5 fxe4 37. Ke3 Bc6 38. Re7 Rxg5 39. Rxe6+ Kg7 40.
Re7+ Kg6 41. Rd1 Kf6 42. Ra7 Ke6 43. Rh1 h5 44. g4 Be8 45. gxh5 Bxh5 46. Nxe4
Rf5 47. Ra6+ Ke7 48. Nd6 Re5+ 49. Kd4 1-0

[Event "Chessable Masters Rapid"]
[Site "?"]
[Date "2021.08.02"]
[Round "12.1"]
[White "Mishra, Abhimanyu"]
[Black "Artemiev, Vladislav"]
[Result "1/2-1/2"]
[WhiteElo "2519"]
[BlackElo "2704"]
[Annotator "Mishra"]
[PlyCount "181"]
[EventDate "2021.??.??"]
[SourceTitle "CL September 2021"]
[SourceDate "2021.09.01"]
[SourceVersion "1"]
[SourceVersionDate "2021.09.01"]
[SourceQuality "1"]

{[%evp 0,181,30,30,30,-10,30,36,42,18,18,7,16,14,41,44,56,-13,54,41,47,39,39,
45,46,28,48,17,15,11,-4,-24,-16,-25,-18,-18,0,-23,-23,-23,-23,-37,-11,-11,-26,
-32,-15,-15,-23,-32,-27,-27,-19,-36,-27,-35,-35,-25,-35,-38,-39,-59,-43,-41,
-40,-41,-32,-38,-30,-26,-26,-26,-25,-27,-25,-23,-13,-16,-16,-33,-27,-24,-24,
-24,-23,-41,-23,-23,-23,-16,-12,-14,-14,-14,-14,-14,-14,-16,-14,-14,-13,-16,
-13,-13,-13,-14,-14,-14,-16,-14,-14,-14,-13,-13,-15,-15,-15,-17,-17,-20,-20,
-17,0,-6,-22,-33,0,0,0,0,0,-6,0,0,0,-9,-9,-1,0,0,0,0,0,0,0,-9,-9,-9,-9,-9,-9,
-9,-9,-9,-9,-9,0,-9,-6,-9,0,-6,0,0,0,-9,0,0,0,0,0,0,0,0,0,0,0,0,0,0,0,0,0,0]} 
1. d4 d5 2. c4 c6 3. Nf3 Nf6 4. Qb3 e6 $5 ({One of the main lines against 4.
Qb3.} 4... dxc4 5. Qxc4 Bf5 {or} (5... Bg4 {are also heavily discussed
theoretical positions.})) 5. Bg5 Nbd7 6. Nc3 Qa5 $5 {A very interesting move,
pinning the c3-knight and preparing ...Nf6-e4.} ({The main line here is} 6...
Be7 {.}) 7. Bd2 Qb6 8. Qc2 $5 {I felt that since Black wasted a tempo with ...
Qa5-Qb6, misplacing it, I should preserve the queens.} ({The alternative} 8. e3
Qxb3 9. axb3 b6 {[%cal Gc8b7] Seems fine for black} 10. cxd5 exd5) 8... Be7 9.
e3 O-O 10. Bd3 dxc4 11. Bxc4 c5 12. O-O Qc7 $5 {This move keeps the tension
between the c5- and d4-pawns, giving me an additional option that I did not
use.} 13. Bb3 $6 {After this slightly imprecise move, it seems as black is
fighting for an advantage already} ({Perhaps} 13. d5 {was a try for an
advantage but after} exd5 14. Nxd5 Nxd5 15. Bxd5 Nf6 {[%cal Gc8d7,Gd7c6] Black
seems to be fine with ...Bd7-c6 next.}) 13... a6 $1 {Preparing ...c5-c4 and ...
b7-b5.} ({The immediate} 13... c4 $2 {fails to} 14. Nb5 $1) 14. dxc5 Qxc5 15.
Ne4 $5 {Relieving the tension on the c-file.} ({I thought} 15. Rac1 b5 16. Rfd1
Bb7 {[%cal Gb7h1,Gc5h5,Ge7d6] was better for Black.}) 15... Qxc2 16. Bxc2 b6
17. Nxf6+ ({I did not like} 17. Bc3 {due to} Nd5 18. Bd4 Bb7 {with ideas like .
..Nd5-b4. The white pieces are oddly placed.}) 17... Bxf6 18. Nd4 Bb7 19. Bc3
Rac8 20. Rad1 $6 {Probably a bit inaccurate as now the rook on f1 does not
have a good square. Better was} (20. Rfd1 $1 {[%cal Ga1c1]}) 20... Ne5 {[#]}
21. Bb3 $1 {[%cal Gd4e6] Planning to take on c4 whenever ...Ne5-c4 occurs as
b2-b3 would be impossible due to the hanging c3-bishop.} Rfe8 ({The second
point of 21.Bb3 was seen after} 21... Rfd8 $2 22. Nxe6 fxe6 23. Bxe6+ Kf8 24.
Bxc8 Rxc8 25. Bd4 {with an edge for White.}) 22. Rd2 {[%cal Gf1d1]} Nc4 23.
Bxc4 Rxc4 24. Ne2 {Opening the d-file and trying to exchange bishops} ({Here} 
24. f3 {, intending e3-e4, was equally possible. Black might have a tiny edge.}
) 24... Be7 $1 {Keeping the bishops on the board} 25. Rfd1 Rcc8 $1 {Preparing
to contest the d-file.} 26. Nf4 ({The alternative} 26. Rd7 Red8 {would not
change anything.}) 26... Red8 ({Probably best was} 26... a5 $5 {with the idea
to change diagonal with ...Bb7-a6-c4. Here Black stands slightly better.}) 27.
Rxd8+ Rxd8 28. Rxd8+ Bxd8 29. f3 $1 {Played with the idea of e3-e4 next to
block the b7-bishop.} Bc7 30. Nd3 f6 31. e4 Kf7 32. h3 e5 $6 {[%csl Rc7][%cal
Rc7h2] An inaccuracy?} (32... f5 $1 {Is still around equal, but is better than
what he played. Black wants to open as many diagonals as possible since he has
the two bishops.}) 33. Kf2 Ke6 34. Ke3 a5 35. a3 Bd6 (35... a4 {White has no
problems after} 36. g4 {as Black does not have a way in.}) 36. b4 $1 {Trying
to exchange as many pawns as possible} axb4 ({Here} 36... a4 37. g4 {leaves
the position too locked for black to make serious progress}) 37. Bxb4 Ba6 ({
Artemiev might have played} 37... Bc7 {but the future of the c7-bishop is not
clear. In the game he decided to let it get exchanged off.}) 38. Bxd6 Kxd6 39.
Nb4 ({Setting up the blockade directly with} 39. Nb2 $1 {was easier.}) 39...
Bf1 40. Kf2 Bc4 41. Ke3 Kc5 {[#]} 42. Nd3+ $1 {Black's plan here is to
penetrate with his king via the a4- or c4-squares. Therefore I felt bringing
the knight to b2 was the easiest solution.} Kb5 ({Exchanging the minor pieces
with} 42... Bxd3 43. Kxd3 Kb5 44. Kc3 Ka4 45. Kb2 {leads to a draw.}) 43. Nb2
$1 g5 {Gaining more space and preventing the direct h3-h4.} 44. g3 Bb3 45. h4 {
From here, I think it is an easy draw. He kept on trying to trick me, but
never suceeded!} gxh4 46. gxh4 Ba2 47. Kd3 Bf7 48. Ke3 Bb3 49. Kd3 Kc5 50. Ke3
Bc2 51. Kd2 Bb3 52. Ke3 Bf7 53. Kd3 Bh5 54. Na4+ $1 (54. Ke3 b5 55. a4 b4 56.
Nd3+ Kc4 57. a5 $1 {holds, even though it is very uneccessary.}) 54... Kc6 ({
No better is} 54... Kb5 55. Nc3+ Kc6 56. Nd5 $1 {with equality.}) 55. Ke3 b5
56. Nc3 Bf7 ({If} 56... Kc5 $6 57. Nd5 f5 58. Nf6 f4+ 59. Ke2 {all of a sudden
White is pressing for a win as} Bg6 $2 {loses to} 60. h5 Bf7 61. h6 Bg6 62.
Nd7+ $1 Kd6 63. Nf8 $1 {.}) 57. f4 $5 {Trading off the weak f3-pawn.} Kc5 58.
fxe5 fxe5 59. Kd3 Bc4+ 60. Ke3 Bf1 61. Nb1 $1 {Preventing Kc4} Bh3 62. Kd3 Kd6
63. Nd2 Bg2 64. Ke3 {[#] Artemiev tried a bit more, but White's position
cannot be broken.} Bh3 65. Kd3 h6 66. Ke3 Bg4 67. Kd3 Kc6 68. Kc3 Bh3 69. Nf3
Kd6 70. Kb4 Bg2 71. Nd2 Kc6 72. Kc3 Kc5 73. Kd3 Kb6 74. Kc3 Ka5 75. Nb3+ Kb6 ({
It's also equal after} 75... Ka4 76. Kb2 b4 77. Nc5+ $1 Kb5 78. axb4 Kxb4 79.
Nd7 Bxe4 80. Nxe5 {.}) 76. Nd2 Bh1 77. Kb4 Kc6 78. Kc3 Kc5 79. Nb3+ Kd6 80. Nd2
Bg2 81. Kb4 Kc6 82. Kc3 Kb7 83. Kb4 Kb6 84. a4 $1 {The final simplification.}
bxa4 85. Nc4+ Kc7 86. Nxe5 Bxe4 87. Ng4 h5 88. Nf6 Bf3 89. Kxa4 Kd6 90. Nxh5
Bxh5 91. Ka3 1/2-1/2

[Event "Chessable Masters Rapid"]
[Site "?"]
[Date "2021.08.02"]
[Round "14.1"]
[White "Mishra, Abhimanyu"]
[Black "Harikrishna, Pentala"]
[Result "1-0"]
[WhiteElo "2519"]
[BlackElo "2730"]
[Annotator "Mishra"]
[PlyCount "139"]
[EventDate "2021.??.??"]
[SourceTitle "CL September 2021"]
[SourceDate "2021.09.01"]
[SourceVersion "1"]
[SourceVersionDate "2021.09.01"]
[SourceQuality "1"]

{[%evp 0,139,31,16,57,55,56,37,37,48,78,11,4,4,11,11,11,10,42,42,67,44,40,45,
92,104,81,63,90,79,81,81,95,82,75,75,105,89,89,57,83,96,96,60,53,53,116,92,88,
105,148,102,102,102,102,106,188,176,251,241,239,186,193,193,190,168,190,190,
158,157,174,195,201,95,95,99,91,80,67,-39,0,0,0,0,0,-19,-13,-54,-54,-54,-43,
-75,-16,-16,111,103,97,97,215,221,507,507,507,529,529,537,529,316,520,95,102,
82,82,75,507,539,539,539,539,546,543,543,543,507,507,507,507,507,794,794,804,
804,812,804,814,814,814,804,814,814,1765,29984]} 1. d4 d6 2. Nf3 Nf6 3. c4 g6
4. Nc3 Bf5 5. d5 $1 Bg7 6. Nd4 Bd7 7. e4 O-O 8. Be2 c5 $5 {An interesting move,
gaining some space and kicking the d4-knight away.} ({Also possible was} 8...
e6 {, trying to break open the white center.}) 9. Nf3 ({But} 9. Nc2 $1 {
was stronger, with the point being that after} e6 10. dxe6 $1 Bxe6 11. O-O Nc6
12. Bg5 h6 13. Bh4 {Black doesn't have the ...g6-g5 and ...Nf6-h5 ideas, so he
stands worse.}) ({Now} 9. dxc6 $2 bxc6 {is quite comfortable for Black.}) 9...
e6 10. O-O ({I also considered} 10. dxe6 Bxe6 11. O-O Nc6 12. Bg5 h6 13. Bh4
Qb6 14. Rb1 g5 15. Bg3 {.}) 10... exd5 11. exd5 {This structure is better for
White if Black cannot trade off two minor pieces, as the black position is
cramped.} a6 $6 {Black should have traded the d7 bishop as quick as possible} (
{Even though Black is still worse after} 11... Bg4 12. h3 Bxf3 13. Bxf3 {
, at least he was able to trade one piece!}) 12. Bf4 $6 ({Now} 12. h3 $1 {
would have been very strong. The black pieces struggle to develop comfortably.}
) 12... Bg4 $1 13. Qd2 {White has more space and is better.} Re8 14. h3 Bxf3
15. Bxf3 Qc7 16. Rae1 ({Even stronger was} 16. g4 $1 {directly as} Nbd7 {
is met by} 17. g5 {and now the f6-knight lacks good squares.}) 16... Nbd7 17.
g4 Nf8 18. b3 $5 {Simply defending the c4-pawn against any ...Nd7-e5 tricks.}
N6d7 19. g5 $2 ({White is still much better but} 19. Ne4 $1 {is close to
winning as} Be5 $2 {loses to} 20. Bxe5 Rxe5 21. Bg2 {. White prepares the
f4-f5 push and Black does not have a defense.}) 19... f5 20. gxf6 $1 {This
compromises the kingside pawn structure a bit, but I felt that it was more
important to get the g4- and e4- squares for my pieces.} Nxf6 21. Bg4 {[#]} ({
Something like} 21. Kg2 $1 {is a bit better than the game continuation as
Black does not have a plan.}) 21... Nxg4 ({In this position we both missed} 
21... Qf7 $1 {. The idea is that after} 22. Bxd6 {Black has} Nxg4 23. hxg4 Qf6
$1 24. Bxf8 ({slightly inferior is} 24. Ne4 Rxe4 25. Rxe4 Qxd6) 24... Rxe1 $1
25. Rxe1 Qxc3 26. Qxc3 Bxc3 27. Rc1 Bb2 28. Rc2 Rxf8 29. Rxb2 Rf4 {with a
holdable rook ending.}) 22. hxg4 {Now the d6-pawn is in grave danger as Nc3-e4
comes next.} Qd7 23. f3 h5 24. gxh5 $1 {I felt that only White could attack on
the kingside, so I was justified in opening it up.} Bd4+ 25. Kg2 ({Best was} 
25. Kh2 $1 {Already here I was getting low on time.}) 25... gxh5 26. Ne4 $1 Ng6
27. Bg3 ({Stronger was} 27. Kh2 $1 {, preparing Rf1-g1! next!}) 27... Qg7 28.
Qg5 Rf8 29. Kh1 Ne5 30. Qxg7+ $2 (30. Qxh5 {was simply winning.}) 30... Kxg7
31. Nxd6 Nxf3 32. Re7+ Kg6 33. Re6+ Kg7 34. Kg2 h4 35. Re7+ $6 (35. Nxb7 $1 {
was the best as} hxg3 {can be met by} 36. Rxf3 {.}) ({Not} 35. Rxf3 $2 h3+ $1 {
and Black is back in the game.}) 35... Kg6 36. Be1 $2 ({Again} 36. Nxb7 $1 {
wins.}) 36... Nxe1+ 37. Rexe1 b5 $2 ({Better was} 37... Rxf1 $1 38. Rxf1 b5 {
with a holdable ending.}) 38. Re6+ Kh5 39. Nf5 $2 {[#] When I played this I
completely missed Black's next move.} ({The correct knight move was} 39. Nf7 $1
{when play continues} Rg8+ 40. Kh2 Rg6 41. Ree1 {[%cal Gf1f5]} Rg3 42. d6 {
with a winning position for White.}) 39... Kg5 $1 40. Ne3 ({The point is that} 
40. Nxd4 $2 {fails to} h3+ $1 {.}) 40... bxc4 41. bxc4 Rxf1 42. Nxf1 Rf8 43.
Nh2 Rf2+ 44. Kh3 Kf5 45. Re8 Rxa2 $6 ({Black should have gone for} 45... Bf6 $1
{preventing Nh2-g4, and with a better ending.}) 46. Ng4 $1 Rc2 $6 {Imprecise.}
(46... Ra1 {would have made a draw with the point being} 47. d6 $2 {fails to}
Rh1+ $1 48. Nh2 (48. Kg2 Rg1+) 48... Be5 {.}) 47. d6 $1 {All of a sudden White
has all the chances again.} Rc3+ 48. Kxh4 {[#]} Rxc4 ({Editor's note: Black
could have held with the miracle shot} 48... Bf2+ $3 49. Nxf2 ({forced; if} 49.
Kh5 $4 Rh3#) 49... Rxc4+ 50. Kh3 Rd4 {and after the d-pawn falls, the two
remaining pawns are equal to the knight.}) 49. Kh5 $1 ({Not} 49. d7 $4 Bf6+ {.}
) 49... Rc1 50. Nh6+ Kf4 51. Rf8+ Ke4 52. d7 Rh1+ 53. Kg4 ({The best route to
the win was} 53. Kg6 $1 Rg1+ 54. Ng4 $3 ({not} 54. Kf7 $2 Rf1+ 55. Ke8 Rxf8+
56. Kxf8 Bf6 $11) 54... Rxg4+ 55. Kh5 {.}) 53... Rg1+ 54. Kh3 $2 {A mistake --
the king is too far from the rest of the action.} Bf6 $1 55. Rxf6 Rd1 56. Rf7
c4 $2 ({The saving line was} 56... Ke5 $1 57. Ng8 Ke6 58. Re7+ Kf5 {as White
cannot coordinate his pieces to queen the d-pawn.}) 57. Re7+ $1 Kf3 58. Ng4 c3
59. Rf7+ Ke2 60. Re7+ {Repeating once to gain time on the clock} Kf3 61. Ne5+
Kf4 62. Re8 $1 c2 63. d8=Q Rh1+ $5 {The last attempt to save the game.} ({
White wins after} 63... Rxd8 64. Rxd8 c1=Q (64... Kxe5 65. Rc8 $18) 65. Nd3+ {.
}) 64. Kg2 Rg1+ 65. Kf2 Rf1+ 66. Ke2 Re1+ 67. Kxe1 c1=Q+ 68. Qd1 Qe3+ 69. Qe2
Qc1+ 70. Kf2 {Overall, this was a very interesting and exciting game, with
both sides missing chances under severe time pressure. We all know how
tremendously strong Harikrishna is. He just got unlucky towards the end with
few seconds on his clock.} 1-0

[Event "World Open"]
[Site "?"]
[Date "2021.07.01"]
[Round "1"]
[White "King, Alexander B"]
[Black "Deshpande, Aaryan"]
[Result "0-1"]
[WhiteElo "2381"]
[BlackElo "2119"]
[Annotator "King"]
[PlyCount "72"]
[SourceTitle "CL September 2021"]
[SourceDate "2021.09.01"]
[SourceVersion "1"]
[SourceVersionDate "2021.09.01"]
[SourceQuality "1"]

1. Nf3 Nf6 2. c4 g6 3. g3 Bg7 4. Bg2 O-O 5. O-O d6 6. d4 Nc6 7. Nc3 Bf5 8. d5
Na5 9. Nd2 c5 10. e4 Bd7 {Unsure about the right theoretical continuation here,
I burn 45 minutes over the next four moves and later end up in premature time
trouble. (The time control for the tournament was 40 moves in 80 minutes
followed by sudden death in 30 minutes, with a 30-second increment.)} 11. Qe2 (
{White's normal setup is} 11. Qc2 a6 12. b3 b5 13. Bb2 {when Black's queenside
counterplay is mostly absorbed.}) 11... a6 12. Rb1 Rb8 13. a3 Ne8 14. f4 Bd4+
15. Kh1 b5 16. cxb5 axb5 $1 ({Black could win a pawn with} 16... Bxc3 17. bxc3
Bxb5 18. c4 Bxc4 19. Rxb8 Qxb8 20. Nxc4 Qb5 {but would immediately lose it
back after} 21. Rf3 Nxc4 22. Bf1) 17. Nf3 b4 18. axb4 Bxc3 $2 ({Again Black
should decline to win material, and instead be content with a positional
advantage after} 18... Rxb4) 19. bxc3 Bb5 20. Qc2 Bxf1 21. Bxf1 Nb7 {DIAGRAM 
[#]White's bishop pair and strong b-pawn are more than enough compensation for
his small material disadvantage. Simple and strong was 22.b5!, but instead I
proceed too cautiously and allow Black to coordinate his pieces.} 22. Be3 Nf6
23. Bd3 Qc8 24. Qe2 Ra8 25. Qb2 Ra7 26. Nd2 Qa8 27. Bc4 Rc8 28. Bb3 Ra6 29. Bc4
Ra3 30. Bb3 {In this unclear position I have less than a minute left to reach
the time control on move 40 - a situation ripe for catastrophe.} cxb4 31. cxb4
Qa6 32. Bd4 $2 {Necessary was 32.e5, although White's position remains
somewhat precarious.} Qd3 $1 33. Bxf6 Rxb3 $1 {Now everything collapses.} 34.
Qxb3 Qxd2 35. Rd1 Qe2 36. Bc3 Qf3+ {An energetic win by my young opponent, who
also knocked off another 2300 player in the following round.} 0-1

[Event "World Open"]
[Site "?"]
[Date "2021.07.02"]
[Round "2"]
[White "Bryant, Todd"]
[Black "Adewumi, Tanitoluwa"]
[Result "1/2-1/2"]
[WhiteElo "2236"]
[BlackElo "2223"]
[Annotator "King"]
[PlyCount "115"]
[SourceTitle "CL September 2021"]
[SourceDate "2021.09.01"]
[SourceVersion "1"]
[SourceVersionDate "2021.09.01"]
[SourceQuality "1"]

1. e4 c5 2. Nf3 e6 3. d4 cxd4 4. Nxd4 Nc6 5. Nc3 Qc7 6. Be3 a6 7. Qd2 b5 {
Somewhat unusual; the main line is 7...Nf6.} 8. Nxc6 dxc6 9. O-O-O e5 10. f4
Nf6 11. h3 Bb4 12. Qf2 O-O 13. Bd3 exf4 14. Bxf4 Qa5 15. Bd2 Be6 $1 {Inviting
the following sacrifice.} 16. a3 Bxa3 $1 17. Nd5 b4 $1 18. Nxf6+ Kh8 $1 {
Black threatens mate with 19...Bxb2+ 20.Kxb2 Qa3+.} 19. Qd4 Rfd8 20. Nd5 cxd5
21. e5 Rdc8 ({Better was the immediate} 21... Bxb2+ $1 22. Qxb2 {in order to
defend the b-pawn with} Rab8 $1) 22. Kb1 Bxb2 23. Qxb2 {DIAGRAM [#] Black is
down a piece for two pawns, but it is not yet clear how much his attack is
worth.} d4 24. Rde1 (24. Bxb4 $1 {was safe:} Qa4 25. Bd6 $1 {covering the
b8-square.}) 24... Qa4 ({Black should throw more fuel on the fire with} 24...
Rc3 $1) 25. Re4 Rd8 26. Rh4 Rab8 27. Bxh7 b3 28. c3 $2 {Forgetting that
White's bishop will end up hanging on d2 after what follows.} ({White can
simply ignore Black's threat with} 28. Bg5 $1 {since} bxc2+ {is met with the
counter-check} 29. Bxc2+ $1) 28... dxc3 $1 29. Rxa4 cxb2 30. Bg5 Kxh7 31. Bxd8
Rxd8 {White is still up an exchange, but Black has plenty of pawns and
activity for it, and in fact White has to proceed carefully.} 32. g4 Rd2 33.
Re1 g6 34. Rae4 Kh6 35. R4e2 Rxe2 36. Rxe2 Kg5 37. Kxb2 Kf4 38. Re1 Bd5 39. Ra1
Kg3 40. Rxa6 Kxh3 41. Ra4 Kh4 42. Kc3 Be6 43. Rb4 g5 44. Kd2 Kh3 45. Ke1 Kg3
46. Kf1 $6 {Playing chicken with Black's king activity, but fortunately
White's king can return just in time.} Kf3 47. Ke1 Ke3 48. Kd1 Kd3 49. Kc1 Kc3
50. Rb7 Bd5 51. Rb8 Kd4 52. Kd2 Be6 53. Rb4+ Kxe5 {Black's pawns remain
restrained, and he has no real winning chances.} 54. Kd3 b2 55. Kc2 b1=R 56.
Kxb1 Bd5 57. Kc1 Be4 58. Kd2 1/2-1/2